|
|
|
|
| LEADER |
00000 a2200000 4500 |
| 001 |
RU/ROS-EDU.RU/91036 |
| 856 |
4 |
|
|u https://www.ros-edu.ru/book?id=91036
|z Перейти к просмотру издания
|
| 010 |
|
|
|a 978-5-209-08002-2
|
| 100 |
|
|
|a 20170101d2017 |||y0rusy0250
|
| 105 |
|
|
|a y z 000zy
|
| 101 |
0 |
|
|a rus
|
| 102 |
|
|
|a RU
|
| 200 |
1 |
|
|a Основные начала химии
|b Электронный ресурс
|e Учебно-методическое пособие для иностранных студентов из стран Восточной и Юго-Восточной Азии
|f Л. Д. Борзова, Н. Ю. Черникова, В. В. Якушев
|
| 700 |
|
1 |
|b Л. Д.
|a Борзова
|4 070
|
| 701 |
|
1 |
|b Н. Ю.
|a Черникова
|4 070
|
| 701 |
|
1 |
|b В. В.
|a Якушев
|4 070
|
| 330 |
|
|
|a В пособии изложен материал курса «Химия» по темам «Основные понятия химии», «Основные законы химии», «Строение атома», «Периодический закон и периодическая система элементов», «Химическая связь». Содержит словарь на русском, английском, монгольском, вьетнамском и китайском языках. Предназначено для иностранных студентов факультета русского языка и общеобразовательных дисциплин РУДН, обучающихся по специальностям инженерного, медико-биологического и естественнонаучного профилей. Подготовлено на кафедре химии и биологии факультета русского языка и общеобразовательных дисциплин РУДН.
|
| 210 |
|
|
|a Москва
|c Российский университет дружбы народов
|d 2017
|
| 610 |
1 |
|
|a химия
|
| 610 |
1 |
|
|a строение атома
|
| 610 |
1 |
|
|a периодический закон
|
| 610 |
1 |
|
|a периодическая система
|
| 610 |
1 |
|
|a химическая связь
|
| 610 |
1 |
|
|a русский язык
|
| 610 |
1 |
|
|a английский язык
|
| 610 |
1 |
|
|a монгольский язык
|
| 610 |
1 |
|
|a вьетнамский язык
|
| 610 |
1 |
|
|a китайский язык
|
| 610 |
1 |
|
|a иностранный студент
|
| 675 |
|
|
|a 54
|
| 686 |
|
|
|a 24.1
|2 rubbk
|
| 300 |
|
|
|a Книга находится в премиум-версии платформы «Русский как иностранный».
|
| 215 |
|
|
|a 60 с.
|